Central Library OPAC University of Rajshahi

সুবচন নির্বাসনে / (Record no. 64568)

MARC details
000 -LEADER
fixed length control field 00788nam a2200229 a 4500
001 - CONTROL NUMBER
control field 64568
003 - CONTROL NUMBER IDENTIFIER
rucl marc code BD-RjUL
005 - DATE AND TIME OF LATEST TRANSACTION
control field 20211209081325.0
008 - FIXED-LENGTH DATA ELEMENTS--GENERAL INFORMATION
fixed length control field 170216s1974 bg ||||| |||| 00| d ben d
020 ## - INTERNATIONAL STANDARD BOOK NUMBER
Terms of availability Tk. 3.50
035 ## - SYSTEM CONTROL NUMBER
System control number (BD-RjUL)64698
040 ## - CATALOGING SOURCE
Original cataloging agency BD-RjUL
Language of cataloging ben
Transcribing agency BD-RjUL
Modifying agency BD-RjUL
041 ## - LANGUAGE CODE
Language code of text/sound track or separate title ben
082 ## - DEWEY DECIMAL CLASSIFICATION NUMBER
Edition number 23
Classification number 891.442
Author mark and year ALS 1974
100 ## - MAIN ENTRY--PERSONAL NAME
Personal name আল মামুন, আব্দুল্লাহ্
9 (RLIN) 191511
245 10 - TITLE STATEMENT
Title সুবচন নির্বাসনে /
Statement of responsibility, etc. আব্দুল্লাহ্ আল মামুন
260 ## - PUBLICATION, DISTRIBUTION, ETC. (IMPRINT)
Place of publication, distribution, etc. ঢাকা :
Name of publisher, distributor, etc. মুক্তধারা,
Date of publication, distribution, etc. ১৯৭৪
300 ## - PHYSICAL DESCRIPTION
Pagination [৮] ৫৩ পৃ ;
Size ২৩ সেমি.
650 ## - SUBJECT ADDED ENTRY--TOPICAL TERM
Topical term or geographic name as entry element বাংলা নাটক
9 (RLIN) 171011
Topical term or geographic name as entry element Bengali Drama
9 (RLIN) 171012
942 ## - ADDED ENTRY ELEMENTS (KOHA)
Source of classification or shelving scheme Dewey Decimal Classification
Koha item type Books
Holdings
Lost status Source of classification or shelving scheme Damaged status Not for loan Collection code Permanent Location Current Location Shelving location Date acquired Source of acquisition Cost, normal purchase price Total Checkouts Full call number Date last seen Copy number Koha item type
  Dewey Decimal Classification   Not For Loan Non-fiction Central Library, University of Rajshahi Central Library, University of Rajshahi Reading Room 17/07/1990 Sawkat Osman, Dhaka 50.00   B 891.442 ALS 1974 16/02/2017 C-1 Books